| 000 | 00529nam a22001817a 4500 | ||
|---|---|---|---|
| 005 | 20251108173402.0 | ||
| 008 | 250721s9999 xx 000 0 ara d | ||
| 082 | 1 | 4 | _aط/599.74/حيو |
| 245 | 1 | 0 | _aالحيوانات المفترسة : النمر / |
| 264 | 1 |
_aد.م : _bد.ن، |
|
| 300 | _a8ص. | ||
| 490 | 0 | _aعالم الحيوان | |
| 650 | 1 | 7 | _aالحيوانات المفترسة |
| 650 | 1 | 7 | _aالنمور |
| 653 | _aأطفال مرحلة متوسطة (6-9)سنوات | ||
| 942 |
_2ddc _cBK |
||
| 999 |
_c102657 _d102657 |
||